60 drapeaux du monde (par symbole) - Statistiques

Statistiques générales
  • Ce quiz a été pris 85 fois
  • Le résultat moyen est 24 sur 60
Statistiques - réponses
Continent Symbole représenté Pays % Correct
13 Asie Un dragon Bhoutan
88%
16 Asie Etoile de David Israël
86%
27 Europe La fertilité des terres bulgares Bulgarie
74%
21 Asie l'Hymalaya Nepal
74%
39 Amerique Une feuille d'érable Canada
73%
10 Afrique Les cinq zones où vivent les Somalis Somalie
73%
7 Afrique Un fusil AK-47. Mozambique
72%
18 Asie Cèdre Liban
71%
5 Afrique Deux lances traditionnelles masaï Kenya
68%
3 Afrique Un bouclier zoulou Eswatini
67%
32 Europe un soleil jaune à huit rayons Macedoine
67%
15 Asie La devise Allah akbar Irak
62%
29 Europe Le blanc de la royauté France
59%
37 Amérique Un trident Barbade
58%
30 Europe 9 syllabes qui constituent la devise "Ελευθερία ή θάνατος" Grèce
56%
23 Asie Un lion d'or Sri Lanka
51%
49 Océanie Grande étoile blanche (représentant les sept États du pays) Australie
50%
9 Afrique Grue royale Ouganda
49%
53 Océanie Quatre étoiles à cinq branches disposées en cercle Micronésie
45%
55 Océanie Lune pleine Palaos
45%
24 Asie Motifs de tapis Turkmenistan
45%
11 Afrique Artefacts religieux et bâtiments de la Carthage punique Tunisie
42%
56 Océanie Un oiseau de paradis Papouasie nouvelle guinée
41%
17 Asie aigle des steppes Kazakhstan
40%
25 Europe Les 2 vaches du comte de Béarn Andorre
38%
18 Asie Une pièce sommitale de la charpente de la traditionnelle yourte Kirghizistan
38%
1 Afrique Une roue Angola
37%
50 Océanie Un cocotier Fidji
37%
54 Océanie l'équateur Nauru
37%
35 Europe La croix de Saint Georges Royaume Uni
37%
59 Océanie Une croix grecque Tonga
37%
6 Afrique Un chapeau conique Lesotho
36%
58 Océanie La constellation de la Croix du Sud Samoa
33%
57 Océanie Lligne jaune qui symbolise le soleil qui brille sur l'archipel. Salomon
32%
26 Europe Rushnyk traditionnel. Bielorussie
31%
43 Amérique Un parchemin Guatemala
31%
45 Amérique Les deux partis traditionnels de l'isthme Panama
31%
28 Europe Cinq petits écus représentant les régions constitutives Croatie
29%
60 Océanie feuilles de « namele » Vanuatu
29%
12 Afrique Pygargue vocifer Zambie
29%
51 Océanie Une frégate Kiribati
28%
42 Amérique Une noix de muscade Grenade
27%
52 Océanie La chaîne de Ratak Marshall
27%
33 Europe Une image d’aurochs Moldavie
27%
31 Europe Grenat Lettonie
26%
38 Amérique La devise du pays « Sub ombra floreo Belize
24%
4 Afrique Un kapokier Guinée Equatoriale
24%
48 Amérique Sol de Mayo Uruguay
24%
8 Afrique Le désert Niger
23%
34 Europe sphère armillaire représentant le globe terrestre Portugal
22%
36 Europe Les trois pics du Mont Titano Saint Marin
22%
40 Amérique Un sisserou Dominique
21%
20 Asie Le Sayambo Mongolie
21%
44 Amérique Un arc en ciel Nicaragua
21%
14 Asie Un parasol Brunei
19%
46 Amérique La lettre V Saint Vincent et les Grenadines
19%
2 Afrique La pula (la pluie) Botswana
18%
41 Amérique Un bateau à vapeur qui s'appelle le "Guayas" Equateur
18%
47 Amérique Piton Sainte Lucie
17%
22 Asie le pavillon des forces navales Oman
15%
Aucun quiz correspondant
Distribution des résultats
% des personnes avec chaque résultat
Percentile par nombre de réponses
Votre historique - résultats
Vous n’avez pas pris ce quiz